000 00896nam0a22002531 4500
001 rc\25512
005 20260406151352.0
010 _a5-88333-003-7
_9100
035 _a(NLR Aleph) 005312471
090 _a6400818
_c6400818
100 _a20021216d1994 |||y0rusy50 ca
101 0 _arus
102 _aRU
105 _aa |||||||||
200 1 _aРазработки Института нефтехимии и катализа АН РБ, планируемые к реализации в 1994...2000 годах
_fАкад. наук Респ. Башкортостан...
210 _aУфа
_cРеактив
_d1994
215 _a94 с.
_cил.
_d20
710 0 2 _aИнститут нефтехимии и катализа
_cУфа
_3RU\NLR\AUTH\889926890
_9349476
801 0 _aRU
_bNLR
_gpsbo
801 1 _aRU
_bELAR
_2rusmarc
852 _aNLR
_j95-4/7354
942 _cBOOK
980 _aNB